• 首页
  • 本馆介绍
  • 公告通知
  • 最新文献
  • 馆藏检索
  • 电子资源
  • 读者导购
  • 参考咨询
  • 我的图书馆
  • 登录
  • 详细信息显示
  • 放入我的书架
  • 预约/预借图书
  • 作者相关作品
  • 分类相关作品
  • 丛书相关作品
  • 出版社相关作品

书目信息

  • 表格格式
  • 工作单格式
  • 卡片格式
题名:
继电器电路基础知识
    
 
作者: ;杭州市邮政局科研所三组 编
分册:  
出版信息: 北京   人民邮电出版社  1978
页数: 133页
开本: 19cm
丛书名:
单 册:
中图分类: TM85
科图分类:
主题词: 继电器-电路--基本知识 , 电路-继电器--基本知识 , 高电压绝缘技术
电子资源:
ISBN:
000 00802nam0 2200253 45
001 0178001784
005 20060814092349.03
010    @dCNY0.37
091    @aCN@b15045.总2273-有5110
100    @a19950728d1978 em y0chiy0121 ea
101 0  @achi
102    @aCN@b110000
105    @ay z 000yy
200 10 @a继电器电路基础知识@Aji dian qi dian lu ji chu zhi shi@f杭州市邮政局科研所三组编@Fhang zhou shi you zheng ju ke yan suo san zu bian
210    @a北京@c人民邮电出版社@d1978
215    @a133页@d19cm
300    @a国内发行
606    @a继电器-电路@x基本知识
606    @a电路-继电器@x基本知识
606 0  @a高电压绝缘技术
690    @aTM85@v3
711 02 @a杭州市邮政局科研所三组@Ahang zhou shi you zheng ju ke yan suo san zu@4编
801  0 @aCN@bTSSF@c20060814
905    @a10447@dTM85@e3
    
    继电器电路基础知识/杭州市邮政局科研所三组编.-北京:人民邮电出版社,1978
    133页;19cm
    国内发行
    
    ISBN :CNY0.37
    
●
相关链接 在E读中查询图书 在五车中查询图书 在当当中查询图书 在豆瓣中查询图书


正题名:继电器电路基础知识     索取号:TM85/3         预约/预借

序号 登录号 条形码 馆藏地/架位号 状态 备注
1 0007261   202317028   密集书库/ [索取号:TM85/3] 在馆    
2 0438859   204388590   密集书库/ [索取号:TM85/3] 在馆    
3 0458021   204580211   密集书库/ [索取号:TM85/3] 在馆    
唐山师范学院图书馆 欢迎您!
大连网信软件有限公司© 版权所有